P Super LCCS; Class P Subclasses P-P7 Languages and Literature Tables

Bibliographic Details
Main Author: Droste, Kathleen
Format: Book
Published: Detroit : Gace Group , 2002
Subjects:

MARC

LEADER 00000cam a2200000 7i4500
001 0000011481
005 20050419.0
020 |a 078764157X 
040 |a INS 
090 0 0 |a Z696U6   |b G357 2002 
100 1 |a Droste, Kathleen 
245 1 0 |a P Super LCCS; Class P Subclasses P-P7 Languages and Literature Tables   |c Kathleen Droste 
260 |a Detroit :   |b Gace Group ,   |c 2002 
300 |a v :   |b 100p ;   |c 27cm. 
650 0 0 |a Classification, Library of Congress 
999 |a 0000010902   |b BOOK   |c Open Shelf   |e Default branch